LEADER 01099nam a2200253 i 4500 001 000000126543 003 CaOOAMICUS 005 20060113000000.0 008 060113s1999 it u000 u ita u 013 $a99251 040 $aSeMil$bita 100 1 $aCaprile, Giovanni,$c.$0(OLS)http://semarc/name/771 245 10$aVilla Malta :$bdall'antica Roma a «Civiltą Cattolica» /$cGiovanni Caprile. 260 $aRoma :$bLa Civiltą Cattolica,$c1999. 300 $a129 p. :$bTabelle :$bill. ;$c21 cm. 500 $aIn mezzo al front. : 1850-1999. - Fondo Card. C.M. Martini. 650 4$aCiviltą Cattolica .$0(OLS)http://semarc/subject/5467 650 4$aRoma - Villa Malta.$0(OLS)http://semarc/subject/24742 850 $aSeMil 852 $aSeMil$W1$xVenegono$y1$m3P II 17$j80907$B80907$CSeMilBibl$Z2$F108305 $81 941 1 $a4 961 $aOmaggio: Martini Card. Carlo Maria 996 $6245$aVilla Malta :$bdall'antica Roma a «Civiltą Cattolica»$9(OLS)http://semarc/title/186604 996 $6260$aRoma :$bLa Civiltą Cattolica$9(OLS)http://semarc/publisher/29890 LEADER 01254nam a2200265 i 4500 001 000000119893 003 CaOOAMICUS 005 20031107000000.0 008 031107s1998 it u000 u ita u 013 $a92587 040 $aSeMil$bita 100 1 $aGiuliano, Antonio,$d<1930-2018>.$0(OLS)http://semarc/name/90437 245 10$aGiacomo Leopardi e la restaurazione :$bnuovi documenti /$cAntonio Giuliano. 260 $aNapoli :$bAccademia di archeologia, lettere e belle arti,$cstampa 1998. 300 $a67 p. :$bill. ;$c24 cm. 490 0 $aMemorie dell'Accademia di archeologia, lettere e belle arti in Napoli ;$v10. 500 $aFondo Card. C.M. Martini. 600 14$aLeopardi, Giacomo <1798-1837>.$0(OLS)http://semarc/subject/2752 830 0$aMemorie dell'Accademia di archeologia, lettere e belle arti in Napoli ;$v10.$0(OLS)http://semarc/title/13751 850 $aSeMil 852 $aSeMil$W1$xVenegono$y1$m1D II 40$j75100$B75100$CSeMilBibl$Z2$F96550 $81 941 1 $a4 961 $aOmaggio: Martini Card. Carlo Maria 996 $6245$aGiacomo Leopardi e la restaurazione :$bnuovi documenti$9(OLS)http://semarc/title/176330 996 $6260$aNapoli :$bAccademia di archeologia, lettere e belle arti$9(OLS)http://semarc/publisher/32856